• 首页
  • 本馆介绍
  • 公告通知
  • 最新文献
  • 馆藏检索
  • 电子资源
  • 读者导购
  • 参考咨询
  • 我的图书馆
  • 登录
  • 详细信息显示
  • 放入我的书架
  • 预约/预借图书
  • 作者相关作品
  • 分类相关作品
  • 丛书相关作品
  • 出版社相关作品

书目信息

  • 表格格式
  • 工作单格式
  • 卡片格式
题名:
英文字帖
    
 
作者: 朱淑贤 编
分册:  
出版信息: 北京   北京工业大学出版社  1998
页数: 117页
开本: 20cm
丛书名:
单 册:
中图分类: H312
科图分类:
主题词: 英语
电子资源:
ISBN: 7-5639-0456-5
000 00493nam0 2200181 450
001 0755227312
005 20070828152027.31
010    @a7-5639-0456-5@d¥4.60
100    @a20070828d km y0chiy0120 ea
101 0  @achi
200 1  @a英文字帖@Aying wen zi tie@f朱淑贤 编@Fzhu shu xian bian
210    @a北京@c北京工业大学出版社@d1998
215    @a117页@d20cm
606 0  @a英语
690    @aH312@v3
701  0 @a朱淑贤@Azhu shu xian@4编
801  0 @aCN@bPFT@c20070828
905    @a213230@dH312@eW5@f1
    
    英文字帖/朱淑贤 编.-北京:北京工业大学出版社,1998
    117页;20cm
    
    
    ISBN 7-5639-0456-5:¥4.60
    
●
相关链接 在E读中查询图书 在五车中查询图书 在当当中查询图书 在豆瓣中查询图书


正题名:英文字帖     索取号:H312/W5         预约/预借

序号 登录号 条形码 馆藏地/架位号 状态 备注
1 0702982   207029829   密集书库—外国语学院/ [索取号:H312/W5] 在馆    
2 0702983   207029838   密集书库—外国语学院/ [索取号:H312/W5] 在馆    
3 0703113   207031139   外语系资料室/ [索取号:H312/W5] 在馆    
唐山师范学院图书馆 欢迎您!
大连网信软件有限公司© 版权所有